Myslenie rýchle a pomalé /

Gespeichert in:
Bibliographische Detailangaben
1. Verfasser: Kahneman, Daniel (Verfasst von)
Format: Buch
Sprache:Slowakisch
Englisch
Veröffentlicht: Bratislava Aktuell 2019
Schlagworte:
Tags: Tag hinzufügen
Keine Tags, Fügen Sie das erste Tag hinzu!

MARC

LEADER 00000nam a22000003a 4500
001 0082517
003 SK-STU
005 20200722095610.9
007 ta
008 200722s ----xo-----e------000-0-----d
020 |a 978-80-8172-056-7 
040 |a STU  |b slo 
041 0 |a slo  |h eng 
044 |a xo 
100 1 |a Kahneman, Daniel  |4 aut 
245 1 0 |a Myslenie rýchle a pomalé /  |c aut. Daniel Kahneman 
260 |a Bratislava  |b Aktuell  |c 2019 
300 |a 528 s. 
650 0 7 |a myslenie 
650 0 7 |a psychológia osobnosti 
650 0 7 |a rozhodovanie 
996 |b 284M088385  |c M* 14329-1  |l MMKN  |s A  |a 24  |w 0082517_0001